A Booby-Trapped Minefield Puzzle Quiz Stats

 Plays Quiz Updated Nov 14, 2014

Challenge
Share
Tweet
Score 0/30 Timer 20:00
0 Plays Today
Box Square % Correct
A1



???
100%
A3



???
80%
E3



???
77.9%
C2



???
77.6%
B2



???
75%
A2



???
74.1%
C4



???
71.5%
D5



???
66.1%
C1



???
39.1%
E5



???
37.4%
C5



???
33%
B1



???
31.6%
F5



???
30.8%
E1



???
30.4%
F1



???
30.2%
Box Square % Correct
E2



???
30.1%
D4



???
27.5%
A5



???
25.9%
C3



???
25.5%
D1



???
24.7%
E4



???
24.4%
A4



???
18.4%
F4



???
18.3%
B5



???
16.1%
B4



???
13.8%
D2



???
13.1%
B3



???
12.1%
D3



???
11.8%
F3



???
11.2%
F2



???
10.7%

You're not logged in!

Compare scores with friends on all Sporcle quizzes.
Join for Free
OR
Log In

You Might Also Like...

Show Comments

Extras

Top Quizzes Today


Score Distribution

Your Account Isn't Verified!

In order to create a playlist on Sporcle, you need to verify the email address you used during registration. Go to your Sporcle Settings to finish the process.

Report this User

Report this user for behavior that violates our Community Guidelines.

Details: